|
|
|
|
| LEADER |
00000nam a22000007i 4500 |
| 001 |
IT\ICCU\LO1\0347737 |
| 003 |
ItRI |
| 005 |
20250824182216.0 |
| 008 |
941024s1988 it |||||| ||||| |||||c |
| 040 |
|
|
|b ita
|c C
|
| 041 |
|
7 |
|a ita
|2 ISO-639-2
|
| 082 |
|
|
|a 823.912
|2 19
|
| 100 |
1 |
|
|a Forster, Edward Morgan
|0 IT\ICCU\CFIV\002137
|4 aut
|
| 240 |
1 |
0 |
|a Maurice. -
|9 Forster, E. M.
|
| 245 |
1 |
0 |
|a Maurice /
|c E. M. Forster ; postfazione di Marisa Bulgheroni.
|
| 260 |
|
|
|a Milano :
|b CDE,
|c stampa 1988
|
| 300 |
|
|
|a 323 p. ;
|c 21 cm.
|
| 942 |
|
|
|2 ddc
|c BK
|
| 952 |
|
|
|0 0
|1 0
|2 ddc
|4 0
|6 823_912000000000000_FOR_MAU
|7 1
|9 490
|a GE
|b GE
|d 2018-03-13
|l 0
|o 823.912 FOR MAU
|p 3231
|r 2023-12-27 17:27:28
|w 2023-12-27
|y BK
|z Donazione di Massimo Vianello
|
| 981 |
|
1 |
|6 z01
|a i
|b xxxe
|
| 982 |
|
1 |
|6 z01
|a n
|
| 999 |
|
|
|c 406
|d 406
|